[Event "DSOL 2021"]
[Site "Germany"]
[Date "2021.02.02"]
[Round "2.4"]
[White "Hummel, Felician"]
[Black "Brkic, Tomislav"]
[Result "1/2-1/2"]
[WhiteElo "1691"]
[BlackElo "1795"]
[Annotator "NA RC"]
[PlyCount "100"]
[EventDate "2021.01.18"]
[EventType "team-tourn"]
[EventCountry "GER"]
[SourceTitle "playchess.com"]
[Source "ChessBase"]
[SourceQuality "1"]

1. d4 d5 2. Nf3 Nf6 3. e3 c6 4. Bd3 Bg4 5. h3 Bh5 6. O-O e6 7. Nbd2 Bd6 8. Re1 O-O 9. e4 dxe4 10. Nxe4 Nxe4 11. Bxe4 Nd7 12. c3 Nf6 13. Bc2 Qc7 14. Bg5 c5 15. Bxf6 gxf6 16. d5 Rad8 17. c4 exd5 18. cxd5 Rfe8 19. Qd2 Bf4 20. Qc3 Qd6 21. a4 Bg6 22. Rxe8+ Rxe8 23. Rd1 Kg7 24. Nh4 Be5 25. Qc4 b6 26. Qg4 Kf8 27. Nf5 Bxf5 28. Bxf5 Bd4 29. Bxh7 Qxd5 30. Qg8+ Ke7 31. Qg4 Qe5 32. b3 Rd8 33. Kf1 Bc3 34. Qe2 Rxd1+ 35. Qxd1 Qh2 36. Qd5 Qh1+ 37. Ke2 Qe1+ 38. Kf3 Bd4 39. Qe4+ Qxe4+ 40. Bxe4 Ke6 41. Ke2 f5 42. Bd3 Ke5 43. g3 Kf6 44. f4 Bg1 45. Kf3 Ke6 46. Bc4+ Kf6 47. Kg2 Be3 48. Kf3 Bg1 49. Kg2 Be3 50. Kf3 Bg1 1/2-1/2

[Event "DSOL 2021"]
[Site "Germany"]
[Date "2021.02.03"]
[Round "2.4"]
[White "Oberberg, Max"]
[Black "Lanwehr, Klaus"]
[Result "0-1"]
[WhiteElo "1620"]
[BlackElo "1620"]
[Annotator "NA RC"]
[PlyCount "70"]
[EventDate "2021.01.18"]
[EventType "team-tourn"]
[EventCountry "GER"]
[SourceTitle "playchess.com"]
[Source "ChessBase"]
[SourceQuality "1"]

1. Nf3 d5 2. c4 c6 3. Na3 Nf6 4. cxd5 cxd5 5. d4 Nc6 6. Bg5 e6 7. Nc2 Be7 8. e3 Qa5+ 9. Qd2 Qxd2+ 10. Nxd2 O-O 11. Bd3 h6 12. Bf4 Nh5 13. Bc7 Bd7 14. Be2 Nf6 15. Bf3 Rac8 16. Bf4 Na5 17. Rc1 Bb4 18. e4 dxe4 19. Be2 Nd5 20. Be3 f5 21. Kd1 f4 22. Nxb4 Rxc1+ 23. Kxc1 fxe3 24. fxe3 Nxb4 25. a3 Nd5 26. Nxe4 Nxe3 27. Nc5 Bc8 28. Bf3 b6 29. Re1 bxc5 30. Rxe3 cxd4 31. Rd3 e5 32. Bd5+ Kh7 33. Be4+ Bf5 34. Bxf5+ Rxf5 35. Rd2 Nb3+ 0-1

[Event "DSOL 2021"]
[Site "Germany"]
[Date "2021.02.04"]
[Round "2.4"]
[White "Plassonke, Torsten"]
[Black "Waffenschmidt, Joachim"]
[Result "0-1"]
[WhiteElo "1620"]
[BlackElo "2071"]
[Annotator "RC"]
[PlyCount "84"]
[EventDate "2021.01.18"]
[EventType "team-tourn"]
[EventCountry "GER"]
[SourceTitle "playchess.com"]
[Source "ChessBase"]
[SourceQuality "1"]

1. e4 c5 2. Nf3 d6 3. Bb5+ Bd7 4. Bxd7+ Nxd7 5. O-O Ngf6 6. Re1 e6 7. c3 Be7 8. d4 O-O 9. Bg5 d5 10. exd5 Nxd5 11. Bxe7 Nxe7 12. Nbd2 Qb6 13. Nc4 Qc7 14. Qe2 Rac8 15. Nce5 Nxe5 16. dxe5 Rfd8 17. Qe4 h6 18. Rad1 Nc6 19. h3 Rd7 20. Rxd7 Qxd7 21. Re2 Qd1+ 22. Re1 Qd5 23. Qa4 Rd8 24. Re2 Qd1+ 25. Qxd1 Rxd1+ 26. Kh2 Kf8 27. Kg3 Ke7 28. h4 b5 29. Kf4 a5 30. Rd2 Ra1 31. a3 b4 32. cxb4 cxb4 33. Rd6 Nxe5 34. Ra6 Nxf3 35. Kxf3 bxa3 36. bxa3 Rxa3+ 37. Ke2 Kf6 38. Ra7 a4 39. g4 Ra2+ 40. Ke3 a3 41. f4 Ra1 42. h5 a2 0-1

[Event "DSOL 2021"]
[Site "Germany"]
[Date "2021.02.02"]
[Round "2.4"]
[White "Poess, Frank"]
[Black "Woestmann, Hans-Joachim"]
[Result "1/2-1/2"]
[WhiteElo "1620"]
[BlackElo "2062"]
[Annotator "TA"]
[PlyCount "88"]
[EventDate "2021.01.18"]
[EventType "team-tourn"]
[EventCountry "GER"]
[SourceTitle "playchess.com"]
[Source "ChessBase"]
[SourceQuality "1"]

1. d4 d5 2. c4 e6 3. Nc3 Nf6 4. cxd5 exd5 5. Bg5 Be7 6. e3 c6 7. Qc2 Nbd7 8. Bd3 h6 9. Bh4 Nh5 10. Bxe7 Qxe7 11. Nf3 Nf4 12. Bf1 O-O 13. O-O-O Ne6 14. g4 b5 15. h4 a5 16. g5 h5 17. Bd3 b4 18. Na4 Ba6 19. Kb1 Bxd3 20. Qxd3 Rfd8 21. g6 fxg6 22. Rhg1 Nef8 23. Rc1 Rac8 24. Nc5 Nb6 25. Ne5 Rd6 26. Rg5 a4 27. Rcg1 Qe8 28. Nxg6 Nxg6 29. Rxg6 Rxg6 30. Rxg6 Rc7 31. Ne6 Rf7 32. Ng5 Rxf2 33. Re6 Qxe6 34. Nxe6 Nc4 35. Ng5 b3 36. Qh7+ Kf8 37. Qh8+ Ke7 38. Qxg7+ Kd8 39. Ne6+ Ke8 40. axb3 axb3 41. Nc7+ Kd8 42. Ne6+ Ke8 43. Nc7+ Kd8 44. Ne6+ Ke8 1/2-1/2

[Event "DSOL 2021"]
[Site "Germany"]
[Date "2021.02.03"]
[Round "2.4"]
[White "Sarré, Sascha"]
[Black "Baldauf, Bastian"]
[Result "0-1"]
[WhiteElo "1620"]
[BlackElo "1739"]
[Annotator "NA RC"]
[PlyCount "86"]
[EventDate "2021.01.18"]
[EventType "team-tourn"]
[EventCountry "GER"]
[SourceTitle "playchess.com"]
[Source "ChessBase"]
[SourceQuality "1"]

1. e4 e6 2. d4 d5 3. Nd2 Nf6 4. e5 Nfd7 5. Ngf3 c5 6. c3 Nc6 7. Bb5 Qb6 8. Bxc6 bxc6 9. O-O cxd4 10. cxd4 Be7 11. Qb3 O-O 12. Qxb6 axb6 13. Nb3 c5 14. Bg5 Bxg5 15. Nxg5 cxd4 16. f4 Ba6 17. Rfd1 Bc4 18. Nxd4 Bxa2 19. Nc6 h6 20. Nf3 Nc5 21. Nfd4 Bb3 22. Rxa8 Rxa8 23. Rc1 Nd3 24. Rf1 Ba4 25. b3 Bxc6 26. Nxc6 Ra3 27. Nd4 Ra2 28. g3 Rb2 29. Ra1 Nc5 30. Ra8+ Kh7 31. Rb8 Rd2 32. Nf3 Rd3 33. Kg2 Rxb3 34. Rf8 Rb2+ 35. Kh3 Rf2 36. Nd4 Kg6 37. Rb8 Rb2 38. g4 h5 39. f5+ Kg5 40. gxh5 exf5 41. Rg8 Kxh5 42. Rxg7 Ne6 43. Rxf7 Nxd4 0-1

[Event "DSOL 2021"]
[Site "Germany"]
[Date "2021.02.03"]
[Round "2.4"]
[White "Zoellner, Bente"]
[Black "Braun, Ingram"]
[Result "0-1"]
[WhiteElo "1620"]
[BlackElo "1670"]
[Annotator "NA RC"]
[PlyCount "130"]
[EventDate "2021.01.18"]
[EventType "team-tourn"]
[EventCountry "GER"]
[SourceTitle "playchess.com"]
[Source "ChessBase"]
[SourceQuality "1"]

1. d4 c5 2. Nf3 e6 3. c4 a6 4. Nc3 g6 5. Bg5 Be7 6. Bf4 Nf6 7. e4 cxd4 8. Qxd4 Nc6 9. Qd2 O-O 10. Be2 d6 11. h3 e5 12. Bh6 Re8 13. O-O Be6 14. Ng5 Rc8 15. Nd5 Bxd5 16. cxd5 Nd4 17. Rac1 Qb6 18. b3 Rc7 19. Bc4 Rec8 20. Rc3 Qa5 21. Rd3 Qxd2 22. Rxd2 b5 23. Be2 Rc2 24. Rxc2 Rxc2 25. Bd3 Rc3 26. Rd1 Bf8 27. Bxf8 Kxf8 28. Kf1 h6 29. Nf3 Nxf3 30. gxf3 Nh5 31. h4 Nf4 32. Be2 Ke7 33. Ke1 f6 34. Kd2 Rc7 35. a4 bxa4 36. bxa4 a5 37. Bb5 g5 38. hxg5 fxg5 39. Rh1 h5 40. Bf1 h4 41. Rg1 Kf6 42. Rh1 Rh7 43. Bh3 Rb7 44. Bf1 Rb1 45. Kc2 Ra1 46. Kb3 Nd3 47. Bg2 Rxh1 48. Bxh1 h3 49. Kc4 Nxf2 50. Kb5 Nxh1 51. Kxa5 Nf2 52. Kb6 h2 53. a5 h1=Q 54. a6 Qb1+ 55. Kc7 Qc1+ 56. Kb7 Qb2+ 57. Kc7 Qc3+ 58. Kb7 Qb4+ 59. Kc7 Qc5+ 60. Kb7 Qb5+ 61. Ka7 Nd3 62. f4 Nc5 63. fxe5+ Kg7 64. exd6 Qxa6+ 65. Kb8 Qb7# 0-1

[Event "DSOL 2021"]
[Site "Germany"]
[Date "2021.02.01"]
[Round "2.4"]
[White "Goriss, Paul"]
[Black "Schmitt, Clemens"]
[Result "1-0"]
[WhiteElo "1550"]
[BlackElo "1798"]
[Annotator "NA RC"]
[PlyCount "68"]
[EventDate "2021.01.18"]
[EventType "team-tourn"]
[EventCountry "GER"]
[SourceTitle "playchess.com"]
[Source "ChessBase"]
[SourceQuality "1"]

1. c4 c5 2. Nc3 Nc6 3. Nf3 g6 4. g3 Bg7 5. Rb1 e6 6. Bg2 Nge7 7. O-O O-O 8. e4 d5 9. d3 h6 10. a3 Kh7 11. Bf4 e5 12. exd5 exf4 13. dxc6 fxg3 14. fxg3 Nxc6 15. Qd2 Bf5 16. Rbd1 Rb8 17. Nh4 Bd7 18. Ne4 f5 19. Nxc5 Bd4+ 20. Kh1 Bxc5 21. b4 Bd4 22. b5 Ne5 23. Qf4 Be8 24. Bd5 Bc3 25. d4 Nd7 26. Qd6 Bf7 27. Bxf7 Rxf7 28. Qxg6+ Kh8 29. Qxf7 Nf8 30. Rxf5 Qd6 31. Rdf1 Qxd4 32. Rh5 Qe4+ 33. Qf3 Qh7 34. Qxc3+ Kg8 1-0

[Event "DSOL 2021"]
[Site "Germany"]
[Date "2021.02.02"]
[Round "2.4"]
[White "Diekmann, Klaus"]
[Black "Mueller, Thomas"]
[Result "1/2-1/2"]
[WhiteElo "1535"]
[BlackElo "2025"]
[Annotator "TA"]
[PlyCount "77"]
[EventDate "2021.01.18"]
[EventType "team-tourn"]
[EventCountry "GER"]
[SourceTitle "playchess.com"]
[Source "ChessBase"]
[SourceQuality "1"]

1. e4 c5 2. Nf3 e6 3. d4 cxd4 4. Nxd4 Nc6 5. c4 Nf6 6. Nc3 Bb4 7. f3 O-O 8. Be3 d5 9. cxd5 exd5 10. Nxc6 bxc6 11. Qa4 Qa5 12. Qxa5 Bxa5 13. exd5 Re8 14. Kf2 cxd5 15. Bd4 Rb8 16. Bb5 Bxc3 17. Bxf6 gxf6 18. Bxe8 Rxb2+ 19. Kg3 Re2 20. Bb5 Re3 21. Rad1 d4 22. Rd3 Re5 23. Rb1 Bf5 24. Bc4 Bxd3 25. Rb8+ Kg7 26. Bxd3 Re7 27. Kf4 Bd2+ 28. Kf5 Re5+ 29. Kg4 Rg5+ 30. Kh3 f5 31. Rb5 Kg6 32. Rd5 Rh5+ 33. Kg3 Kf6 34. Rxd4 f4+ 35. Kg4 Rg5+ 36. Kh3 Rh5+ 37. Kg4 Rg5+ 38. Kh3 Rh5+ 39. Kg4 1/2-1/2

[Event "DSOL 2021"]
[Site "Germany"]
[Date "2021.02.03"]
[Round "2.4"]
[White "Reimer, Philip"]
[Black "Fromme, Simon"]
[Result "1-0"]
[WhiteElo "1487"]
[BlackElo "1620"]
[Annotator "NA RC"]
[PlyCount "59"]
[EventDate "2021.01.18"]
[EventType "team-tourn"]
[EventCountry "GER"]
[SourceTitle "playchess.com"]
[Source "ChessBase"]
[SourceQuality "1"]

1. e4 c5 2. Nf3 Nc6 3. Nc3 e5 4. Bc4 d6 5. d3 Be7 6. O-O Bg4 7. h3 Bh5 8. g4 Bg6 9. Kg2 h5 10. g5 h4 11. Nd5 Bh5 12. Qd2 Qd7 13. Nh2 f6 14. f4 fxg5 15. fxg5 O-O-O 16. b4 cxb4 17. a3 Rf8 18. Rxf8+ Bxf8 19. axb4 Kb8 20. b5 Nd4 21. Qa5 b6 22. Nxb6 Qc7 23. Nd7+ Qxd7 24. b6 Ne7 25. bxa7+ Ka8 26. Rb1 Nec6 27. Bd5 Be7 28. Qb6 Qc8 29. Be3 Be8 30. Qb8+ 1-0

[Event "DSOL 2021"]
[Site "Germany"]
[Date "2021.02.05"]
[Round "2.4"]
[White "Becker, Christian Ludwig"]
[Black "Schaefer, Konstantin"]
[Result "0-1"]
[WhiteElo "1433"]
[BlackElo "1754"]
[Annotator "NA RC"]
[PlyCount "68"]
[EventDate "2021.01.18"]
[EventType "team-tourn"]
[EventCountry "GER"]
[SourceTitle "playchess.com"]
[Source "ChessBase"]
[SourceQuality "1"]
[WhiteTeam "SF Heidesheim I"]
[BlackTeam "SG Leipzig"]

1. e4 c5 2. Nc3 Nc6 3. f4 g6 4. Nf3 Bg7 5. Bb5 Nd4 6. a4 Nxb5 7. axb5 b6 8. O-O e6 9. Qe1 Ne7 10. d3 O-O 11. Qh4 d5 12. f5 exf5 13. Bh6 fxe4 14. Ng5 Nf5 15. Rxf5 Bxf5 16. Bxg7 Kxg7 17. Qxh7+ Kf6 18. dxe4 Kxg5 19. exf5 Kxf5 20. Qg7 Qh4 21. Rf1+ Ke6 22. Kh1 Qh8 23. Rf6+ Ke5 24. Rxg6+ Qxg7 25. Rxg7 d4 26. Nd1 a6 27. h4 axb5 28. Nf2 c4 29. Rg5+ f5 30. g4 Kf4 31. Kg2 fxg4 32. Rxg4+ Ke5 33. Rg5+ Rf5 34. Ng4+ Kf4 0-1

[Event "DSOL 2021"]
[Site "Germany"]
[Date "2021.02.04"]
[Round "2.4"]
[White "Kudria, Alessio"]
[Black "Morczynski, Joachim"]
[Result "1/2-1/2"]
[WhiteElo "1334"]
[BlackElo "1749"]
[Annotator "NA RC"]
[PlyCount "96"]
[EventDate "2021.01.18"]
[EventType "team-tourn"]
[EventCountry "GER"]
[SourceTitle "playchess.com"]
[Source "ChessBase"]
[SourceQuality "1"]

1. f4 Nf6 2. Nf3 g6 3. b3 Bg7 4. Bb2 O-O 5. c4 c5 6. e3 Nc6 7. Be2 d6 8. O-O Rb8 9. Na3 a6 10. Ng5 Bf5 11. Nc2 b5 12. Bf3 Nb4 13. Nxb4 cxb4 14. cxb5 Bd3 15. Be2 Bxe2 16. Qxe2 Rxb5 17. Rfc1 Qb6 18. Rc4 a5 19. Bd4 Qb8 20. Rac1 Nd5 21. Bxg7 Kxg7 22. Qf3 Nb6 23. Rc7 h6 24. Ne4 Rc8 25. Qf1 Rxc7 26. Rxc7 Qxc7 27. Qxb5 Nd7 28. f5 Ne5 29. fxg6 fxg6 30. h3 Qc6 31. Qxc6 Nxc6 32. d4 Kf7 33. Nd2 d5 34. Nf3 Kf6 35. Kf2 g5 36. Kg3 Kf5 37. Kf2 e5 38. dxe5 Nxe5 39. Ke2 Nxf3 40. gxf3 h5 41. Kd2 Ke6 42. Kd3 Ke5 43. Kd2 Kf5 44. Ke2 Ke6 45. Kd2 Kf5 46. Ke2 Ke6 47. Kd3 Ke5 48. Kd2 Kf5 1/2-1/2

[Event "DSOL 2021"]
[Site "Germany"]
[Date "2021.02.09"]
[Round "3.1"]
[White "Bluebaum, Matthias"]
[Black "Sielecki, Christof"]
[Result "1-0"]
[WhiteElo "2672"]
[BlackElo "2431"]
[Annotator "TA"]
[PlyCount "63"]
[EventDate "2021.01.18"]
[EventType "team-tourn"]
[EventCountry "GER"]
[SourceTitle "playchess.com"]
[Source "ChessBase"]
[SourceQuality "1"]

1. d4 d5 2. Nf3 Nf6 3. e3 c6 4. c4 a6 5. Nc3 e6 6. b3 c5 7. cxd5 exd5 8. Be2 Nc6 9. O-O Bg4 10. dxc5 Bxc5 11. Bb2 O-O 12. h3 Be6 13. Na4 Ba7 14. Rc1 Ne4 15. Nc3 Ng5 16. Kh1 d4 17. exd4 Nxd4 18. Nxd4 Qxd4 19. Qxd4 Bxd4 20. Ba1 Rfe8 21. h4 Bxc3 22. Rxc3 Bd5 23. Rg3 Ne6 24. h5 h6 25. f4 Kf8 26. Bd3 f6 27. Bb2 Nd8 28. Bh7 Re2 29. Ba3+ Kf7 30. Rd1 Bc6 31. Bd3 Rxa2 32. Bc4+ 1-0

[Event "DSOL 2021"]
[Site "Germany"]
[Date "2021.02.12"]
[Round "3.1"]
[White "Babula, Vlastimil"]
[Black "Carow, Johannes"]
[Result "1/2-1/2"]
[WhiteElo "2559"]
[BlackElo "2446"]
[Annotator "TA"]
[PlyCount "183"]
[EventDate "2021.01.18"]
[EventType "team-tourn"]
[EventCountry "GER"]
[SourceTitle "playchess.com"]
[Source "ChessBase"]
[SourceQuality "1"]
[WhiteTeam "Werder Bremen"]
[BlackTeam "Heidesheim"]

1. d4 Nf6 2. c4 g6 3. Nc3 d5 4. cxd5 Nxd5 5. e4 Nxc3 6. bxc3 Bg7 7. h3 c5 8. Nf3 O-O 9. Be3 b6 10. Rc1 Qd7 11. Bd3 Ba6 12. O-O e6 13. Re1 Rd8 14. Bg5 Re8 15. Qd2 Bxd3 16. Qxd3 Nc6 17. d5 exd5 18. exd5 Na5 19. Nd2 h6 20. Bf4 Qa4 21. c4 Qxa2 22. d6 Qa4 23. Ne4 Re6 24. Nc3 Qd7 25. Rxe6 Qxe6 26. Nd5 Rd8 27. Nc7 Qf5 28. Qxf5 gxf5 29. Nd5 Nc6 30. Re1 Bd4 31. Kh2 f6 32. Kg3 Kf7 33. Ne7 Ne5 34. Nxf5 Ke6 35. Nxh6 Rxd6 36. Ng4 Kf5 37. Bxe5 Bxe5+ 38. Kf3 Rd3+ 39. Ne3+ Kg6 40. Rb1 Bd4 41. Ke4 Rd2 42. Kf3 Ra2 43. g4 Ra4 44. Rc1 a5 45. Nd5 Ra3+ 46. Ke4 Bxf2 47. Nxb6 Rxh3 48. Ra1 Re3+ 49. Kf4 Re6 50. Nd5 Be1 51. Kf3 Kg5 52. Nf4 Re8 53. Ra2 f5 54. gxf5 Kxf5 55. Nd3 Bb4 56. Nxc5 Bxc5 57. Rxa5 Rc8 58. Rb5 Ke5 59. Rb7 Rf8+ 60. Ke2 Kd4 61. Rd7+ Kxc4 62. Rd2 Rf2+ 63. Kd1 Rf3 64. Kc2 Bd4 65. Re2 Ra3 66. Rd2 Be3 67. Re2 Kd4 68. Kb2 Ra8 69. Kc2 Rc8+ 70. Kb3 Kd3 71. Rb2 Bc1 72. Rh2 Rb8+ 73. Ka4 Be3 74. Rh3 Kc4 75. Ka3 Bd4 76. Ka2 Rb2+ 77. Ka3 Rd2 78. Ka4 Ra2+ 79. Ra3 Rb2 80. Rh3 Rb7 81. Rh5 Rb1 82. Rh3 Rb4+ 83. Ka3 Rb1 84. Ka4 Ra1+ 85. Ra3 Rg1 86. Rh3 Rf1 87. Rg3 Rh1 88. Rf3 Rh8 89. Rf5 Rh1 90. Rf3 Bc5 91. Rf4+ Bd4 92. Rf3 1/2-1/2

[Event "DSOL 2021"]
[Site "Germany"]
[Date "2021.02.12"]
[Round "3.1"]
[White "Saraci, Nderim"]
[Black "Rosen, Bernd"]
[Result "1-0"]
[WhiteElo "2415"]
[BlackElo "2313"]
[Annotator "TA"]
[PlyCount "45"]
[EventDate "2021.01.18"]
[EventType "team-tourn"]
[EventCountry "GER"]
[SourceTitle "playchess.com"]
[Source "ChessBase"]
[SourceQuality "1"]
[WhiteTeam "Ludwigshafen"]
[BlackTeam "Katernberg/Essen"]

1. e4 c5 2. Nf3 e6 3. g3 Nc6 4. Bg2 g6 5. d4 cxd4 6. Nxd4 a6 7. O-O Bg7 8. Be3 Nf6 9. c4 O-O 10. Nc3 Qc7 11. Rc1 Nxd4 12. Qxd4 Ng4 13. Qb6 Qxb6 14. Bxb6 Ne5 15. Na4 d6 16. Bc7 b5 17. Nb6 Bb7 18. Nxa8 Rxa8 19. cxb5 axb5 20. Rfd1 Rxa2 21. Bxd6 Rxb2 22. Rc7 Ba6 23. Ba3 1-0

[Event "DSOL 2021"]
[Site "Germany"]
[Date "2021.02.08"]
[Round "3.1"]
[White "Lagunow, Raphael"]
[Black "Rosner, Jonas"]
[Result "1-0"]
[WhiteElo "2378"]
[BlackElo "2434"]
[Annotator "TA"]
[PlyCount "105"]
[EventDate "2021.01.18"]
[EventType "team-tourn"]
[EventCountry "GER"]
[SourceTitle "playchess.com"]
[Source "ChessBase"]
[SourceQuality "1"]

1. e4 c6 2. d4 d5 3. e5 Bf5 4. Nd2 e6 5. Nb3 Nd7 6. Nf3 Qc7 7. Be3 f6 8. exf6 Ngxf6 9. Be2 Bd6 10. h3 O-O 11. O-O Rae8 12. Rc1 Ne4 13. Nbd2 Rf6 14. c4 Ref8 15. Nh4 Bh2+ 16. Kh1 Bf4 17. Nxf5 exf5 18. cxd5 Bxe3 19. Nxe4 Bxc1 20. Nxf6+ Nxf6 21. Qxc1 Nxd5 22. Bc4 Qd6 23. Re1 Kh8 24. Bb3 Nf6 25. Qe3 Ne4 26. f3 Ng3+ 27. Kg1 f4 28. Qe5 Qf6 29. Kf2 Nf5 30. Qxf6 gxf6 31. Re4 Rd8 32. d5 c5 33. Rxf4 Nd4 34. Rxf6 Kg7 35. Rf4 Nxb3 36. axb3 Rxd5 37. Ke2 b6 38. g4 Kg6 39. h4 h6 40. Re4 Rd6 41. Ke3 a5 42. Re5 Kf6 43. f4 Rd4 44. g5+ hxg5 45. hxg5+ Kg6 46. Re6+ Kf5 47. Rf6+ Kg4 48. g6 Rd8 49. f5 Kg5 50. Rf7 b5 51. g7 Re8+ 52. Kd2 Rd8+ 53. Kc2 1-0

[Event "DSOL 2021"]
[Site "Germany"]
[Date "2021.02.09"]
[Round "3.1"]
[White "Machelett, Heiko"]
[Black "Lindam, Ingo"]
[Result "1-0"]
[WhiteElo "2372"]
[BlackElo "2137"]
[Annotator "TA"]
[PlyCount "75"]
[EventDate "2021.01.18"]
[EventType "team-tourn"]
[EventCountry "GER"]
[SourceTitle "playchess.com"]
[Source "ChessBase"]
[SourceQuality "1"]

1. d4 Nf6 2. c4 g6 3. g3 Bg7 4. Bg2 d6 5. Nc3 O-O 6. e3 Nbd7 7. Nge2 e5 8. O-O Re8 9. b3 e4 10. Qc2 Qe7 11. f3 exf3 12. Rxf3 Nf8 13. Bd2 c6 14. Raf1 Bf5 15. Rxf5 gxf5 16. Qxf5 Ng6 17. e4 Qe6 18. Qf2 Ng4 19. Qf3 c5 20. e5 cxd4 21. Nxd4 N4xe5 22. Qxb7 Qc8 23. Qxc8 Raxc8 24. Nf5 Bf8 25. Ne4 Re6 26. Nd4 Re7 27. Bg5 Ng4 28. Bxe7 Bxe7 29. Nf5 Bf8 30. Bh3 N6e5 31. Rf4 h5 32. Bxg4 hxg4 33. Nf6+ Kh8 34. Nxg4 Ng6 35. Rd4 Re8 36. Kf2 Ne5 37. Nf6 Re6 38. Rh4+ 1-0

[Event "DSOL 2021"]
[Site "Germany"]
[Date "2021.02.10"]
[Round "3.1"]
[White "Scholz, Christian"]
[Black "Lieberwirth, Kasimir"]
[Result "0-1"]
[WhiteElo "2366"]
[BlackElo "2074"]
[Annotator "TA"]
[PlyCount "74"]
[EventDate "2021.01.18"]
[EventType "team-tourn"]
[EventCountry "GER"]
[SourceTitle "playchess.com"]
[Source "ChessBase"]
[SourceQuality "1"]

1. d4 d5 2. c4 c6 3. Nc3 Nf6 4. e3 e6 5. Nf3 Nbd7 6. Qc2 Bd6 7. Be2 O-O 8. O-O dxc4 9. Bxc4 b5 10. Be2 Bb7 11. e4 e5 12. Rd1 Qc7 13. h3 exd4 14. Nxd4 b4 15. Na4 Bh2+ 16. Kh1 c5 17. Nb5 Qb8 18. Nxc5 Nxc5 19. Qxc5 Nxe4 20. Qe3 Re8 21. Nd4 Bg3 22. Rf1 Nxf2+ 23. Qxf2 Bxf2 24. Rxf2 Qd6 25. Rf4 Rac8 26. Rg4 Rxe2 27. Nxe2 Qd1+ 28. Kh2 Qxe2 29. Bg5 h5 30. Rg3 Rc2 31. Rg1 Kh7 32. Bc1 Qe5 33. h4 Bxg2 34. R1xg2 Rxc1 35. Rf2 Rg1 36. Rff3 Rxg3 37. Rxg3 Qxb2+ 0-1

[Event "DSOL 2021"]
[Site "Germany"]
[Date "2021.02.12"]
[Round "3.1"]
[White "Keller, Peter"]
[Black "Agopov, Mikael"]
[Result "0-1"]
[WhiteElo "2359"]
[BlackElo "2430"]
[Annotator "TA"]
[PlyCount "67"]
[EventDate "2021.01.18"]
[EventType "team-tourn"]
[EventCountry "GER"]
[SourceTitle "playchess.com"]
[Source "ChessBase"]
[SourceQuality "1"]
[WhiteTeam "SK Bickenbach I "]
[BlackTeam "SF Berlin I"]

1. e4 c5 2. Nf3 d6 3. d4 cxd4 4. Nxd4 Nf6 5. Nc3 a6 6. f3 e6 7. Be3 b5 8. Qd2 Bb7 9. g4 Nfd7 10. O-O-O Nb6 11. a3 N8d7 12. h4 Ne5 13. g5 Be7 14. Rg1 Nbc4 15. Bxc4 Nxc4 16. Qd3 Rc8 17. h5 g6 18. f4 Qa5 19. Nb3 Qc7 20. f5 Ne5 21. Qd4 gxf5 22. exf5 Bf3 23. g6 hxg6 24. hxg6 Bxd1 25. gxf7+ Kxf7 26. fxe6+ Kxe6 27. Qd5+ Kd7 28. Rxd1 Ke8 29. Nd4 Qd7 30. Bf4 Rc5 31. Qe4 Qg4 32. Qe3 Rh3 33. Qd2 Ng6 34. Be5 0-1

[Event "DSOL 2021"]
[Site "Germany"]
[Date "2021.02.10"]
[Round "3.1"]
[White "Plischki, Sebastian"]
[Black "Haskamp, Stephan"]
[Result "1-0"]
[WhiteElo "2352"]
[BlackElo "2281"]
[Annotator "TA"]
[PlyCount "71"]
[EventDate "2021.01.18"]
[EventType "team-tourn"]
[EventCountry "GER"]
[SourceTitle "playchess.com"]
[Source "ChessBase"]
[SourceQuality "1"]

1. d4 g6 2. c4 Bg7 3. Nf3 c5 4. d5 d6 5. Nc3 Bxc3+ 6. bxc3 f5 7. g3 Nf6 8. Bg2 Qa5 9. Nd2 Nbd7 10. O-O O-O 11. Re1 Ne5 12. Qb3 Qa6 13. f4 Neg4 14. e3 Re8 15. h3 Nh6 16. e4 e5 17. fxe5 dxe5 18. Qb5 Qxb5 19. cxb5 Nf7 20. exf5 Bxf5 21. c4 a6 22. g4 Bd3 23. Re3 e4 24. Bb2 Ne5 25. a4 axb5 26. axb5 Rxa1+ 27. Bxa1 Kf7 28. g5 Nh5 29. Bxe5 Rxe5 30. Bxe4 Rxg5+ 31. Kf2 Bxe4 32. Nxe4 Rf5+ 33. Kg1 Re5 34. Nd6+ Kf6 35. Rf3+ Kg5 36. Nf7+ 1-0

[Event "DSOL 2021"]
[Site "Germany"]
[Date "2021.02.12"]
[Round "3.1"]
[White "Brendel, Oliver"]
[Black "Marcziter, Dmitrii"]
[Result "0-1"]
[WhiteElo "2340"]
[BlackElo "1747"]
[Annotator "TA"]
[PlyCount "98"]
[EventDate "2021.01.18"]
[EventType "team-tourn"]
[EventCountry "GER"]
[SourceTitle "playchess.com"]
[Source "ChessBase"]
[SourceQuality "1"]
[WhiteTeam "Hofheim"]
[BlackTeam "Porz"]

1. c4 g6 2. g3 Bg7 3. Bg2 d6 4. Nc3 e5 5. e4 Nc6 6. Nge2 f5 7. d3 Nf6 8. O-O O-O 9. Nd5 Nh5 10. Be3 Be6 11. Qd2 Qd7 12. Rad1 Nd4 13. Nxd4 exd4 14. Bg5 Rae8 15. Nf4 Nxf4 16. Bxf4 fxe4 17. Bxe4 c6 18. Rfe1 d5 19. cxd5 Bxd5 20. b3 Bxe4 21. Rxe4 Rxe4 22. dxe4 Qe6 23. Qd3 Re8 24. f3 c5 25. Rc1 b6 26. Kg2 Rd8 27. h4 Rd7 28. Rh1 h5 29. Rd1 Kh7 30. Rc1 Kg8 31. Bg5 Bf6 32. Bxf6 Qxf6 33. f4 Kg7 34. f5 Rf7 35. Rf1 Qe5 36. Rf4 Rf6 37. Qa6 Rf7 38. Qd3 Rf6 39. a4 Rf7 40. Kf3 gxf5 41. exf5 Qd5+ 42. Kf2 Kf6 43. Re4 Kg7 44. g4 hxg4 45. Rxg4+ Kf8 46. Rg5 Qe5 47. Qf3 Re7 48. Qa8+ Re8 49. Qg2 Qe3+ 0-1